[Event "Chigorin Memorial 2019"]
[Site "St Petersburg RUS"]
[Date "2019.10.10"]
[Round "6.24"]
[White "Al Hosani, Omran"]
[Black "Triapishko, Alexandr"]
[Result "0-1"]
[WhiteTitle "FM"]
[BlackTitle "IM"]
[WhiteElo "2289"]
[BlackElo "2514"]
[WhiteFideId "9308733"]
[BlackFideId "14122286"]
[EventDate "2019.10.05"]

1. d4 Nf6 2. c4 e6 3. Nc3 Bb4 4. Qc2 d5 5. cxd5 Qxd5 6. Nf3 Qf5 7. Qb3 Nc6 8.
Bd2 O-O 9. h3 Bxc3 10. Bxc3 b6 11. e3 Bb7 12. Qb5 Ne7 13. Qxf5 exf5 14. Bb4 Rfe8
15. Bb5 c6 16. Bxe7 Rxe7 17. Bc4 f4 18. Ne5 fxe3 19. fxe3 c5 20. O-O cxd4 21.
exd4 Rd8 22. Rf4 Nd5 23. Rf2 f6 24. Nf3 Kf8 25. Bd3 g6 26. Bf1 Kg7 27. Rc1 Nf4
28. Rc4 Bd5 29. Ra4 Rc8 30. Nd2 Ne6 31. Nb1 Bc6 32. Rb4 Rd8 33. Re2 Kf8 34. d5
Rxd5 35. Nc3 Rd6 36. Ne4 Rd4 37. Ng5 fxg5 38. Rxe6 Rxb4 39. Rxc6 Rxb2 0-1

[Event "Chigorin Memorial 2019"]
[Site "St Petersburg RUS"]
[Date "2019.10.10"]
[Round "6.25"]
[White "Peng, Xiongjian"]
[Black "Gomes, Mary Ann"]
[Result "1-0"]
[BlackTitle "WGM"]
[WhiteElo "2476"]
[BlackElo "2268"]
[WhiteFideId "8610550"]
[BlackFideId "5013623"]
[EventDate "2019.10.05"]

1. d4 Nf6 2. g3 e6 3. Bg2 c5 4. Nf3 Nc6 5. O-O a6 6. c4 cxd4 7. Nxd4 Be7 8. Nc3
O-O 9. b3 Qc7 10. Bb2 Rd8 11. Rc1 Nxd4 12. Qxd4 d6 13. Rfd1 Bd7 14. h3 Rac8 15.
e3 Qb8 16. Qh4 Bc6 17. Ne4 Bxe4 18. Bxe4 Nxe4 19. Qxe7 e5 20. Ba3 h6 21. Qh4 Ng5
22. Qg4 Rc6 23. h4 Nh7 24. Qf3 Qc7 25. Bb2 Rc8 1-0

[Event "Chigorin Memorial 2019"]
[Site "St Petersburg RUS"]
[Date "2019.10.10"]
[Round "6.26"]
[White "Sichinava, Zviad"]
[Black "Gagare, Shardul"]
[Result "1/2-1/2"]
[BlackTitle "GM"]
[WhiteElo "2278"]
[BlackElo "2474"]
[WhiteFideId "24111716"]
[BlackFideId "5037883"]
[EventDate "2019.10.05"]

1. d4 d5 2. c4 c6 3. Nf3 Nf6 4. Qc2 dxc4 5. e4 b5 6. b3 cxb3 7. axb3 e6 8. Bd2
a5 9. Bd3 Na6 10. O-O Bb7 11. Bxa5 Qc8 12. Nc3 Nb4 13. Bxb4 Bxb4 14. Rxa8 Qxa8
15. e5 Nd7 16. Ne4 h6 17. Qe2 Ke7 18. Ne1 Qa3 19. Nc2 Qxb3 20. Nxb4 Qxb4 21. Nd6
Qxd4 22. Nxb7 Ra8 23. Qe4 Qxe4 24. Bxe4 Nxe5 25. f4 1/2-1/2

[Event "Chigorin Memorial 2019"]
[Site "St Petersburg RUS"]
[Date "2019.10.10"]
[Round "6.27"]
[White "Zhao, Yuanhe"]
[Black "Saidov, Bilukhadzh"]
[Result "1-0"]
[BlackTitle "FM"]
[WhiteElo "2457"]
[BlackElo "2260"]
[WhiteFideId "8609497"]
[BlackFideId "34165476"]
[EventDate "2019.10.05"]

1. Nf3 d5 2. g3 Nf6 3. Bg2 h6 4. O-O Bf5 5. c4 c6 6. cxd5 cxd5 7. Qb3 Qb6 8.
Qxb6 axb6 9. Nc3 Nc6 10. d3 e6 11. Bd2 Bc5 12. a3 O-O 13. Rac1 Rfd8 14. Nb5 e5
15. b4 Bf8 16. Bc3 Bd7 17. Nc7 Rac8 18. Bxe5 Ng4 19. Bf4 g5 20. Nxd5 gxf4 21.
Nxb6 Rb8 22. Nxd7 Rxd7 23. gxf4 Ra8 24. Rc3 Bg7 25. Rb3 Rad8 26. h3 Nf6 27. Rc1
Nh5 28. Rc4 Rd6 29. a4 Bf8 30. a5 Re6 31. e3 Nf6 32. Ne5 Nxe5 33. fxe5 Nd5 34.
d4 b5 35. axb6 Rxb6 36. b5 Ne7 37. Bc6 h5 38. d5 Rxd5 39. Bxd5 Nxd5 40. Rc6 Rb8
41. Rc4 Rb6 42. f4 Be7 43. Kf2 Kg7 44. Kf3 Rb7 45. e4 Nb6 46. Rc6 Nd7 47. Rb1
Nc5 48. f5 Kh7 49. b6 1-0

[Event "Chigorin Memorial 2019"]
[Site "St Petersburg RUS"]
[Date "2019.10.10"]
[Round "6.28"]
[White "Korchmar, Vasiliy"]
[Black "Nikologorsky, Matfei"]
[Result "1-0"]
[WhiteTitle "IM"]
[WhiteElo "2432"]
[BlackElo "2220"]
[WhiteFideId "24131750"]
[BlackFideId "24102474"]
[EventDate "2019.10.05"]

1. Nf3 d5 2. d4 Nf6 3. c4 dxc4 4. e3 e6 5. Bxc4 a6 6. O-O b5 7. Bd3 Bb7 8. a4 b4
9. Nbd2 c5 10. e4 cxd4 11. e5 Nfd7 12. Nc4 Nc6 13. Bg5 Qc7 14. Rc1 Bc5 15. Bf4
Nb6 16. Ng5 Nxc4 17. Rxc4 Na5 18. Rc1 Qe7 19. Bxh7 Bd5 20. Be4 Rd8 21. Qd3 Qa7
22. Bxd5 Rxd5 23. Ne4 Nb7 24. Rc4 Be7 25. Rc8+ Rd8 26. Rc6 O-O 27. Bg5 Nc5 28.
Rxc5 Bxc5 29. Nf6+ gxf6 30. Bxf6 1-0

[Event "Chigorin Memorial 2019"]
[Site "St Petersburg RUS"]
[Date "2019.10.10"]
[Round "6.29"]
[White "Shubin, Kirill"]
[Black "Trifonov, Pavel"]
[Result "1-0"]
[WhiteTitle "IM"]
[BlackTitle "FM"]
[WhiteElo "2416"]
[BlackElo "2220"]
[WhiteFideId "34119962"]
[BlackFideId "4194446"]
[EventDate "2019.10.05"]

1. e4 e6 2. d4 d5 3. Nc3 Nf6 4. Bg5 dxe4 5. Nxe4 Be7 6. Bxf6 Bxf6 7. Nf3 O-O 8.
Qd2 b6 9. Nxf6+ Qxf6 10. Bd3 Bb7 11. Ng5 Rd8 12. Bxh7+ Kh8 13. O-O-O c5 14. Be4
Bxe4 15. Nxe4 Qf5 16. Qg5 Nc6 17. Qxf5 exf5 18. Ng5 Rxd4 19. Nxf7+ Kg8 20. Nd6
g6 21. c3 Ra4 22. a3 Rg4 23. g3 1-0

[Event "Chigorin Memorial 2019"]
[Site "St Petersburg RUS"]
[Date "2019.10.10"]
[Round "6.30"]
[White "Bulavin, Alexander"]
[Black "Pershin, Denis"]
[Result "1-0"]
[WhiteTitle "FM"]
[BlackTitle "IM"]
[WhiteElo "2256"]
[BlackElo "2401"]
[WhiteFideId "4178033"]
[BlackFideId "24165506"]
[EventDate "2019.10.05"]

1. d4 Nf6 2. Nf3 b6 3. c4 Bb7 4. Nc3 e6 5. a3 d5 6. Bg5 Be7 7. Bxf6 Bxf6 8. cxd5
exd5 9. e3 O-O 10. Be2 Re8 11. O-O Nd7 12. Qb3 Nf8 13. Rfd1 Ne6 14. Rac1 a6 15.
Bf1 Qd6 16. g3 h5 17. Bg2 Rad8 18. Rd2 g6 19. Rcd1 Kg7 20. Qb4 Qd7 21. Ne5 Qc8
22. f4 Rd6 23. Qb3 Qa8 24. Qa2 Kg8 25. b4 Red8 26. a4 Ng7 27. b5 a5 28. Rd3 Nf5
29. Re1 Ne7 30. Rc1 Bg7 31. Kf1 c6 32. bxc6 Nxc6 33. Nxc6 Bxc6 1-0

[Event "Chigorin Memorial 2019"]
[Site "St Petersburg RUS"]
[Date "2019.10.10"]
[Round "6.31"]
[White "Kavyev, Ruslan"]
[Black "Sawlin, Leonid"]
[Result "1/2-1/2"]
[BlackTitle "FM"]
[WhiteElo "2228"]
[BlackElo "2395"]
[WhiteFideId "34110981"]
[BlackFideId "4689542"]
[EventDate "2019.10.05"]

1. d4 e6 2. c4 d5 3. g3 Nf6 4. Nf3 dxc4 5. Bg2 Nc6 6. O-O Rb8 7. e3 Be7 8. Qe2
b5 9. b3 cxb3 10. axb3 a6 11. Bd2 Bb7 12. Rc1 O-O 13. Ne1 Nd5 14. Nd3 b4 15. Ra2
Na7 16. Ra4 Nb5 17. Nxb4 Nxb4 18. Bxb4 Bxb4 19. Rxb4 Bxg2 20. Kxg2 Rb6 21. Qf3
Qe7 22. Rbc4 e5 23. Nc3 Nxc3 24. R1xc3 exd4 25. Rxc7 Qd8 26. exd4 Rxb3 27. Rxb3
Qxc7 28. Rb7 Qd6 29. Ra7 Qxd4 30. Rxa6 1/2-1/2

[Event "Chigorin Memorial 2019"]
[Site "St Petersburg RUS"]
[Date "2019.10.10"]
[Round "6.32"]
[White "Schekachikhin, Maksim"]
[Black "Getman, Tatyana"]
[Result "1/2-1/2"]
[WhiteTitle "IM"]
[BlackTitle "WFM"]
[WhiteElo "2400"]
[BlackElo "2211"]
[WhiteFideId "24177830"]
[BlackFideId "34166146"]
[EventDate "2019.10.05"]

1. c4 e6 2. Nc3 d5 3. d4 Bb4 4. a3 Bxc3+ 5. bxc3 Nf6 6. e3 O-O 7. cxd5 exd5 8.
Bd3 b6 9. Ne2 c5 10. O-O Ba6 11. Ng3 Bxd3 12. Qxd3 Nc6 13. f3 Re8 14. Bb2 h5 15.
Rae1 h4 16. Nf5 h3 17. g4 g6 18. Ng3 Qd7 19. g5 Nh7 20. f4 c4 21. Qc2 Ne7 22. a4
Qg4 23. Qe2 Qxe2 24. Rxe2 f6 25. gxf6 Nxf6 26. e4 dxe4 27. Nxe4 Nxe4 28. Rxe4
Nd5 29. Re5 Rxe5 30. fxe5 Rf8 31. Rxf8+ Kxf8 32. Kf2 Kf7 33. Kg3 Ke6 34. Kxh3
Kf5 35. Kg3 a6 36. h4 b5 37. axb5 axb5 38. Kf3 Nb6 39. Ba3 Nd5 40. Bb4 Nb6 1/2-1/2

[Event "Chigorin Memorial 2019"]
[Site "St Petersburg RUS"]
[Date "2019.10.10"]
[Round "6.33"]
[White "Padmini, Rout"]
[Black "Aleksandrov, Danila"]
[Result "1-0"]
[WhiteTitle "IM"]
[WhiteElo "2394"]
[BlackElo "2196"]
[WhiteFideId "5029295"]
[BlackFideId "4133650"]
[EventDate "2019.10.05"]

1. e4 c5 2. Nf3 Nc6 3. Nc3 e5 4. Bc4 Be7 5. d3 Nf6 6. Ng5 O-O 7. f4 exf4 8. Bxf4
d5 9. exd5 Bg4 10. Qd2 Nb4 11. d6 Bxd6 12. O-O Bh5 13. Nge4 Nxe4 14. Nxe4 Bxf4
15. Rxf4 Qd4+ 16. Rf2 Qxb2 17. Raf1 Bg6 18. Nxc5 Nc6 19. Ne6 Rfc8 20. Nf4 Ne5
21. Nxg6 hxg6 22. Bb3 Rc7 23. Qf4 Rd8 24. c3 1-0

[Event "Chigorin Memorial 2019"]
[Site "St Petersburg RUS"]
[Date "2019.10.10"]
[Round "6.34"]
[White "Palin, Denis"]
[Black "Duzhakov, Ilya"]
[Result "0-1"]
[BlackTitle "IM"]
[WhiteElo "2164"]
[BlackElo "2401"]
[WhiteFideId "4118200"]
[BlackFideId "4192516"]
[EventDate "2019.10.05"]

1. d4 Nf6 2. Nf3 e6 3. e3 c5 4. Bd3 d5 5. b3 Nc6 6. O-O Bd6 7. Bb2 O-O 8. a3 b6
9. Ne5 Bb7 10. Nd2 Rc8 11. f4 Ne7 12. Qf3 Nf5 13. g4 Nh4 14. Qh3 Ne4 15. g5 Nf5
16. Rad1 cxd4 17. exd4 Bxe5 18. dxe5 Qc7 19. b4 b5 20. Bxe4 dxe4 21. Nb3 e3 22.
Rc1 Qc6 0-1

[Event "Chigorin Memorial 2019"]
[Site "St Petersburg RUS"]
[Date "2019.10.10"]
[Round "6.35"]
[White "Khubukshanov, Erdem"]
[Black "Kovalchuk, Alexey"]
[Result "0-1"]
[WhiteElo "2247"]
[BlackElo "2389"]
[WhiteFideId "54114527"]
[BlackFideId "24154385"]
[EventDate "2019.10.05"]

1. e4 e5 2. Nf3 Nc6 3. Bc4 Nf6 4. d3 Be7 5. O-O O-O 6. Re1 d6 7. a4 Na5 8. Ba2
c5 9. c3 Nc6 10. Na3 a6 11. Nc2 Be6 12. Bxe6 fxe6 13. b4 cxb4 14. cxb4 d5 15. b5
axb5 16. axb5 Rxa1 17. Nxa1 Nd4 18. Nxd4 exd4 19. e5 Nd7 20. Nb3 Qb6 21. Qg4 Bb4
22. Bd2 Bxd2 23. Nxd2 Nc5 24. Qxd4 Qxb5 25. Re3 Ra8 26. Qh4 Nxd3 27. h3 Rf8 28.
Nf3 Nc5 29. Kh2 Ne4 30. Qe7 Re8 31. Qc7 Qc6 32. Qa5 Qc2 33. Qb5 Qc6 34. Qb2 Qc7
35. Rb3 Re7 36. Rb6 h6 37. Qd4 Qc1 38. Rb3 Qf4+ 39. g3 Qc1 40. Kg2 Rf7 41. Qb2
Qd1 42. Qb1 Qxb1 43. Rxb1 0-1

[Event "Chigorin Memorial 2019"]
[Site "St Petersburg RUS"]
[Date "2019.10.10"]
[Round "6.36"]
[White "Yatzenko, Anton"]
[Black "Vetokhin, Ilia"]
[Result "1-0"]
[WhiteElo "2383"]
[BlackElo "2143"]
[WhiteFideId "4157826"]
[BlackFideId "24156078"]
[EventDate "2019.10.05"]

1. d4 Nf6 2. c4 g6 3. Nc3 Bg7 4. Nf3 O-O 5. e4 d6 6. h3 e5 7. d5 a5 8. Be3 Na6
9. g4 Nd7 10. a3 Nac5 11. Rg1 Kh8 12. Nd2 a4 13. Qc2 f5 14. gxf5 gxf5 15. exf5
Qf6 16. O-O-O Qxf5 17. Qxf5 Rxf5 18. Nb5 Na6 19. Ne4 Nf8 20. Bd3 Ng6 21. Ng5 Rf6
22. Nxh7 Kxh7 23. Rxg6 Rxg6 24. Rg1 Bd7 25. h4 Rf8 26. h5 Bf5 27. hxg6+ Kg8 28.
Bxf5 Rxf5 29. Kc2 Bf8 30. Rg4 Rf6 31. Nc3 Kg7 32. Nxa4 Rxg6 33. f3 Be7 34. Nc3
Nb8 35. b4 Rxg4 36. fxg4 Nd7 37. Ne4 c6 38. a4 cxd5 39. cxd5 Kf8 40. b5 b6 41.
Kd3 Kg7 42. Bd2 Kf7 43. Bb4 Nc5+ 44. Bxc5 dxc5 45. Kc4 Bd8 46. Kc3 Ke7 47. Kd3
Kd7 48. Nd2 Kd6 49. Ke4 c4 50. Nxc4+ Kc5 51. Nxe5 1-0

[Event "Chigorin Memorial 2019"]
[Site "St Petersburg RUS"]
[Date "2019.10.10"]
[Round "6.37"]
[White "Nie, Xinyang"]
[Black "Polosin, Evgeni"]
[Result "1/2-1/2"]
[WhiteElo "2366"]
[BlackElo "2159"]
[WhiteFideId "8607222"]
[BlackFideId "24108456"]
[EventDate "2019.10.05"]

1. d4 d5 2. c4 dxc4 3. Nf3 a6 4. a4 Nf6 5. e3 Bg4 6. Bxc4 e6 7. Nc3 Nc6 8. Be2
Bb4 9. O-O O-O 10. Qb3 Qe7 11. Bd2 Na5 12. Qc2 c5 13. Rad1 Nc6 14. Ne5 cxd4 15.
Nxg4 Nxg4 16. Bxg4 dxc3 17. bxc3 Bc5 18. Be2 a5 19. c4 Bb4 20. Bc1 Rad8 21. Bb2
Rxd1 22. Rxd1 Rd8 23. Bf3 Rxd1+ 24. Qxd1 Qd6 25. Qxd6 Bxd6 26. Kf1 Bb4 27. Ke2
f6 28. Be4 Kf7 29. g4 Ne5 30. Bxe5 fxe5 31. Bxb7 g5 32. Kd3 Kf6 33. Ke4 Bd6 34.
Bc8 h6 35. Bb7 Ke7 36. Bc8 Kf6 37. h3 Ke7 1/2-1/2

[Event "Chigorin Memorial 2019"]
[Site "St Petersburg RUS"]
[Date "2019.10.10"]
[Round "6.38"]
[White "Khaliullin, Albert"]
[Black "Saveliev, Alexei"]
[Result "0-1"]
[BlackTitle "IM"]
[WhiteElo "2053"]
[BlackElo "2363"]
[WhiteFideId "44136242"]
[BlackFideId "24128546"]
[EventDate "2019.10.05"]

1. e4 d6 2. d4 Nf6 3. Nc3 e5 4. dxe5 dxe5 5. Qxd8+ Kxd8 6. Bg5 Be6 7. O-O-O+ Kc8
8. Nf3 Nbd7 9. a3 a6 10. Bh4 h6 11. Bd3 Bd6 12. Nd2 b5 13. f3 c6 14. g4 Kc7 15.
Bf2 Rhb8 16. Ne2 Nc5 17. Nf1 a5 18. Kd2 Nfd7 19. Ne3 Rd8 20. Ng3 Rab8 21. Ra1
Nb6 22. Nef5 Nxd3 23. Bxb6+ Kxb6 24. cxd3 Bf8 25. Ke2 c5 26. Ne3 Rd7 27. Rhd1
Rbd8 28. Nh1 Be7 29. Nf5 Bg5 30. Ne3 Bb3 31. Rd2 0-1

[Event "Chigorin Memorial 2019"]
[Site "St Petersburg RUS"]
[Date "2019.10.10"]
[Round "6.39"]
[White "Can, Isik"]
[Black "Gorovenko, Darya"]
[Result "1-0"]
[WhiteTitle "IM"]
[BlackTitle "WFM"]
[WhiteElo "2361"]
[BlackElo "2088"]
[WhiteFideId "6383742"]
[BlackFideId "24173800"]
[EventDate "2019.10.05"]

1. e4 c5 2. Nf3 d6 3. d4 cxd4 4. Nxd4 Nf6 5. Nc3 a6 6. Be3 e5 7. Nb3 Be6 8. h3
Be7 9. f4 exf4 10. Bxf4 Nc6 11. Qe2 Rc8 12. O-O-O Nb4 13. e5 Nfd5 14. Nxd5 Bxd5
15. exd6 Rxc2+ 16. Qxc2 Nxc2 17. Rxd5 O-O 18. Kxc2 Qd7 19. dxe7 Rc8+ 20. Rc5
Qf5+ 21. Kd1 Qd7+ 22. Bd2 Rxc5 23. Nxc5 Qxe7 24. Nd3 1-0

[Event "Chigorin Memorial 2019"]
[Site "St Petersburg RUS"]
[Date "2019.10.10"]
[Round "6.40"]
[White "Semenenko, Sergey"]
[Black "Bublei, Pavel"]
[Result "1/2-1/2"]
[BlackTitle "FM"]
[WhiteElo "2107"]
[BlackElo "2358"]
[WhiteFideId "4173767"]
[BlackFideId "24112593"]
[EventDate "2019.10.05"]

1. d4 Nf6 2. c4 e6 3. Nc3 Bb4 4. e3 d5 5. a3 Bxc3+ 6. bxc3 O-O 7. cxd5 exd5 8.
Bd3 b6 9. Ne2 c5 10. O-O Ba6 11. Ng3 Re8 12. f3 Bxd3 13. Qxd3 Nc6 14. Bb2 h5 15.
Rae1 h4 16. Nf5 Nh5 17. e4 cxd4 18. cxd4 Qf6 19. Bc1 Ne7 20. Nxe7+ Qxe7 21. e5
g6 22. e6 Qf6 23. Re5 Rxe6 24. Bg5 Qg7 25. Rxe6 fxe6 26. Rc1 Re8 27. Rc6 Qf7 28.
Qe3 Qd7 29. Qc3 Qf7 1/2-1/2

[Event "Chigorin Memorial 2019"]
[Site "St Petersburg RUS"]
[Date "2019.10.10"]
[Round "6.41"]
[White "Babanin, Gleb"]
[Black "Ovchinnikov, Vsevolod"]
[Result "1/2-1/2"]
[BlackTitle "FM"]
[WhiteElo "2119"]
[BlackElo "2345"]
[WhiteFideId "34152536"]
[BlackFideId "24176842"]
[EventDate "2019.10.05"]

1. e4 c5 2. Nf3 d6 3. Bb5+ Bd7 4. c4 Nf6 5. Nc3 g6 6. d4 cxd4 7. Nxd4 Bg7 8. Be3
O-O 9. f3 Nc6 10. O-O a6 11. Bxc6 bxc6 12. Qd2 Qb8 13. Rfd1 Rd8 14. Rac1 Be8 15.
Nde2 Nd7 16. b3 a5 17. Qe1 Qb7 18. Qh4 Bf6 19. Qf2 Nf8 20. Rd3 Ne6 21. Rcd1 Rdb8
22. h4 Nc7 23. Bg5 Bxg5 24. hxg5 Qa7 25. f4 Qxf2+ 26. Kxf2 Ne6 27. Rh1 Kg7 28.
Rdh3 Nf8 29. f5 f6 30. gxf6+ Kxf6 31. Ke3 e6 32. g4 h5 33. gxh5 gxf5 34. exf5
exf5 35. Rf3 Bd7 36. Ng3 Re8+ 37. Kd2 Re5 38. Nge4+ Ke7 39. Nf2 Kf7 40. Nd3 Ree8
41. Rg1 Nh7 42. c5 Nf6 43. cxd6 Ke6 44. Rg6 Rf8 45. Nc5+ Kxd6 46. Rxf6+ Kxc5 47.
Na4+ Kb5 48. Rd6 Be8 49. h6 Ra7 50. Rc3 Re7 51. Rc5+ Ka6 52. Rd8 Rd7+ 53. Rxd7
Bxd7 54. Nb2 Rh8 55. Nc4 Rxh6 56. Rxa5+ Kb7 57. Re5 Be6 1/2-1/2

[Event "Chigorin Memorial 2019"]
[Site "St Petersburg RUS"]
[Date "2019.10.10"]
[Round "6.42"]
[White "Zontakh, Andrey"]
[Black "Perov, German"]
[Result "0-1"]
[WhiteTitle "GM"]
[WhiteElo "2485"]
[BlackElo "2177"]
[WhiteFideId "14101130"]
[BlackFideId "44111410"]
[EventDate "2019.10.05"]

1. d4 Nf6 2. c4 e6 3. Nf3 d5 4. Bg5 Bb4+ 5. Nc3 dxc4 6. a3 Bxc3+ 7. bxc3 c5 8.
e3 cxd4 9. exd4 Qa5 10. Bxc4 Ne4 11. Bd2 O-O 12. O-O b6 13. Re1 Nxd2 14. Qxd2
Nd7 15. Ne5 Nf6 16. a4 Bb7 17. Bb5 Bd5 18. Qb2 Rfc8 19. Rec1 Ne4 20. c4 Bb7 21.
f3 Nf6 22. c5 bxc5 23. dxc5 Bd5 24. c6 Ne8 25. Qd4 Nd6 26. Qc5 Qc7 27. Ba6 Rd8
28. Rab1 Nf5 29. Nd3 Rd6 30. Nb4 Bxf3 31. Bd3 a5 32. Na6 Rxa6 33. Rb7 Qc8 34.
Bxa6 Rxc6 35. Qxc6 Bxc6 36. Rxc6 Qd8 37. Rcc7 Nd6 38. Ra7 g6 39. Bb5 Kg7 40. h3
h5 41. Kh1 h4 42. Rd7 Qf6 43. Rac7 Qa1+ 44. Kh2 Nf5 45. Rxf7+ Kh6 46. Rxf5 gxf5
47. Rc6 Qe5+ 48. Kh1 Qe1+ 49. Kh2 Kg5 50. Bc4 e5 51. Be6 f4 52. Bg4 e4 53. Rc5+
Kf6 54. Rb5 f3 55. gxf3 Qf2+ 56. Kh1 e3 57. f4 e2 58. Rf5+ Ke6 59. Re5+ Kd6 60.
Rxe2 Qf1+ 61. Kh2 Qxf4+ 62. Kg2 Qxa4 0-1

[Event "Chigorin Memorial 2019"]
[Site "St Petersburg RUS"]
[Date "2019.10.10"]
[Round "6.43"]
[White "Vasiliev, Georgiy"]
[Black "Gusain, Himal"]
[Result "1-0"]
[BlackTitle "IM"]
[WhiteElo "2172"]
[BlackElo "2420"]
[WhiteFideId "34126535"]
[BlackFideId "5033861"]
[EventDate "2019.10.05"]

1. c4 Nf6 2. Nc3 c5 3. g3 g6 4. Bg2 Bg7 5. e3 O-O 6. Nge2 Na6 7. O-O Rb8 8. d4
d6 9. a3 Be6 10. b3 Qc8 11. Nf4 Bg4 12. Qd3 Nc7 13. Bb2 Rd8 14. Rac1 cxd4 15.
exd4 Bh6 16. Rce1 Bxf4 17. gxf4 Re8 18. d5 Nh5 19. Qd4 f6 20. Re3 Ng7 21. Be4 b5
22. Nxb5 Nxb5 23. cxb5 Rxb5 24. Qxa7 Rc5 25. Qa4 Bf5 26. Bf3 Bc2 27. Bg2 Qb7 1-0

[Event "Chigorin Memorial 2019"]
[Site "St Petersburg RUS"]
[Date "2019.10.10"]
[Round "6.44"]
[White "Bodnaruk, Anastasia"]
[Black "Sinitsina, Anastassia"]
[Result "1-0"]
[WhiteTitle "IM"]
[BlackTitle "WFM"]
[WhiteElo "2415"]
[BlackElo "2163"]
[WhiteFideId "4181751"]
[BlackFideId "4504640"]
[EventDate "2019.10.05"]

1. e4 e5 2. Nf3 Nc6 3. Bb5 a6 4. Ba4 Nf6 5. d3 b5 6. Bb3 Be7 7. O-O d6 8. a4 Bb7
9. Re1 O-O 10. c3 Na5 11. Bc2 c5 12. Nbd2 Re8 13. Nf1 h6 14. Ng3 Bf8 15. d4 Qc7
16. d5 c4 17. Nf5 Bc8 18. N3h4 Kh7 19. g4 g6 20. g5 Ng8 21. Nxh6 Nxh6 22. gxh6
Bxh6 23. Bxh6 Kxh6 24. Qd2+ Kg7 25. f4 Qe7 26. Ng2 Bh3 27. Rf1 Bxg2 28. Qxg2
exf4 29. Rxf4 Nb7 30. Raf1 Rf8 31. h4 Nc5 32. e5 dxe5 33. d6 Qxd6 34. Rf6 Qe7
35. Bxg6 Qxf6 36. Be4+ Qg6 37. Rxf7+ Kxf7 38. Qxg6+ Ke7 39. Bxa8 Rxa8 40. h5 Rd8
41. Qg5+ Kd7 42. h6 Ne6 43. Qxe5 Rg8+ 44. Kf1 Rg5 45. Qf6 1-0

[Event "Chigorin Memorial 2019"]
[Site "St Petersburg RUS"]
[Date "2019.10.10"]
[Round "6.45"]
[White "Abdisalimov, Abdimalik"]
[Black "Poznyak, Nazar"]
[Result "0-1"]
[WhiteTitle "FM"]
[WhiteElo "2409"]
[BlackElo "2124"]
[WhiteFideId "14206323"]
[BlackFideId "14159902"]
[EventDate "2019.10.05"]

1. c4 c5 2. Nc3 b6 3. Nf3 Bb7 4. d4 cxd4 5. Nxd4 Nf6 6. f3 e6 7. e4 d6 8. Be2 a6
9. O-O Be7 10. Be3 O-O 11. Qd2 Qc7 12. Rfc1 Rc8 13. a4 Qd8 14. Kh1 Nc6 15. Rab1
Nd7 16. Bf1 Nce5 17. b3 Nc5 18. Rd1 Rab8 19. Qb2 Qf8 20. Rd2 h5 21. Rbd1 g6 22.
g3 Bf6 23. Bg2 Qg7 24. Qc2 h4 25. Nde2 h3 26. Bxh3 Nxf3 27. Rxd6 Qh8 28. Kg2 Ng5
29. Bxg5 Bxg5 30. Bg4 Qe5 31. Bf3 a5 32. h4 Be7 33. R6d4 Rd8 34. Rxd8+ Rxd8 35.
Rxd8+ Bxd8 36. Kf2 Bc7 37. Qb1 Qf6 38. Kg2 Be5 39. b4 axb4 40. Qxb4 Qd8 41. Qb2
Nxa4 42. Qc2 Nc5 43. Na4 Nd3 44. Qb1 Bc6 45. Nxb6 Nc5 46. Qb4 Nd3 47. Qb1 Nc5
48. Qb4 Bd6 49. Nd4 Bxe4 50. Qb5 Bxf3+ 51. Nxf3 Nd3 52. Nd7 Qa8 53. Nf6+ Kf8 54.
Qb1 Ne5 55. Ne4 Nxf3 56. Nxd6 Ne1+ 57. Kh3 Qh1+ 58. Kg4 f5+ 0-1

[Event "Chigorin Memorial 2019"]
[Site "St Petersburg RUS"]
[Date "2019.10.10"]
[Round "6.46"]
[White "Lebedev, Mikhail S."]
[Black "Savitskiy, Sergey"]
[Result "1/2-1/2"]
[BlackTitle "IM"]
[WhiteElo "2142"]
[BlackElo "2407"]
[WhiteFideId "24130303"]
[BlackFideId "24105660"]
[EventDate "2019.10.05"]

1. e4 c5 2. Nf3 d6 3. d4 cxd4 4. Nxd4 Nf6 5. Nc3 Nc6 6. Bg5 e6 7. Qd2 a6 8.
O-O-O Bd7 9. f4 Be7 10. Nf3 b5 11. Bxf6 gxf6 12. Kb1 Qb6 13. f5 Ne5 14. Nd4 Rc8
15. Qh6 Nc6 16. Nxc6 Qxc6 17. Bd3 Qc5 18. Qg7 Rf8 19. Qxh7 Qe5 20. Ne2 a5 21.
Qh6 a4 22. Qf4 Qc5 23. h4 a3 24. b3 e5 25. Qf3 Rh8 26. g4 Bc6 27. c4 Qb4 28. Rc1
Bb7 29. Qe3 Bd8 30. Rc2 Kf8 31. cxb5 Rxc2 32. Bxc2 Qxb5 33. Nc3 Qb4 34. h5 Bb6
35. Qd3 Ba5 36. Ne2 Kg7 37. Qe3 Rc8 38. Rd1 Rxc2 39. Kxc2 Bxe4+ 40. Kc1 Bb6 41.
Qc3 Qb5 42. Ng3 Bd5 43. h6+ Kh7 44. Nh5 Bd4 45. Nxf6+ Kxh6 46. Qd2+ Kg7 47. Qg5+
Kf8 48. Nh7+ Ke8 49. Nf6+ Kf8 1/2-1/2

[Event "Chigorin Memorial 2019"]
[Site "St Petersburg RUS"]
[Date "2019.10.10"]
[Round "6.47"]
[White "Marinskii, Yurii"]
[Black "Radzhabov, Rodion"]
[Result "0-1"]
[BlackTitle "FM"]
[WhiteElo "2167"]
[BlackElo "2384"]
[WhiteFideId "34215425"]
[BlackFideId "884715"]
[EventDate "2019.10.05"]

1. e4 c5 2. Nc3 Nc6 3. g3 g6 4. Bg2 Bg7 5. d3 d6 6. f4 e6 7. Nf3 Nge7 8. O-O O-O
9. Be3 b6 10. Bf2 Ba6 11. Qd2 Qd7 12. Rab1 Rac8 13. a3 Rfd8 14. Ne2 Bb7 15. c4
a5 16. Bh3 f5 17. Qc2 d5 18. cxd5 exd5 19. exf5 gxf5 20. Qb3 a4 21. Qxb6 d4 22.
Bg2 Nd5 23. Qb5 Ne5 24. Qxd7 Nxf3+ 25. Bxf3 Rxd7 26. Kg2 Re8 27. Nc1 Ree7 28. b4
cxb4 29. axb4 Ne3+ 30. Bxe3 dxe3 31. Bxb7 Rxb7 32. Kf3 a3 33. Rb3 Bb2 34. Na2
Rbc7 35. b5 Rc2 36. b6 Rb7 37. Kxe3 Rxh2 38. d4 Kf7 39. Kd3 Ke6 40. Kc4 Rc2+ 41.
Kd3 Rg2 42. Re1+ Kd6 43. Kc4 Rd2 44. Kb5 Bxd4 45. Rxa3 Rxb6+ 46. Kc4 Rc6+ 47.
Kb4 Rb2+ 48. Ka5 Bb6+ 49. Ka4 Rc4+ 0-1